رواد علم الفيزياء بناة الحضارة : (Record no. 10097)

MARC details
000 -الفاتح
حقل البيانات ثابتة الطول 01244nam a22002657i 4500
003 - محدد رقم الضبط
رقم الضبط EG-ScBUE
005 - وقت وتاريخ اخر تعامل مع التسجيلة
رقم الضبط 20260510135216.0
008 - عناصر البيانات ثابتة الطول - معلومات عامة
حقل البيانات ثابتة الطول 080811t2004 ua a frb 0 00| 0ceng d
017 ## - رقم الإيداع القانونى
رقم الإيداع القانونى 2004 / 9815
020 ## - الرقم الدولى المعيارى للكتب
الرقم الدولى المعيارى للكتاب 9771714600
040 ## - مصدر الفهرسة
وكالة الفهرسة الأصلية EG-ScBUE
لغة الفهرسة ara
قواعد الوصف rda
وكالة النسخ EG-ScBUE
وكالة التعديل EG-ScBUE
082 04 - رقم تصنيف ديوى العشرى
رقم التصنيف 530.92
رقم المادة ع م ا
رقم الطبعة 22
100 1# - المدخل الرئيسى - إسم شخصى
الإسم الشخصى عمار، محمد محمود،
الدور مؤلف.
245 10 - بيان العنوان
العنوان رواد علم الفيزياء بناة الحضارة :
بقية العنوان من عصر النهضة إلى العصر الحديث ونبذة عن علماء الإسكندرية /
بيان المسئوليه,etc الدكتور محمد محمود عمار، أستاذ الفيزياء، رئيس المعهد القومي للمعايرة السابق، وزارة الدولة للبحث العلمي.
264 #1 - النشر، التوزيع
مكان الناشر او الموزع [القاهرة] :
اسم الناشر او الموزع مكتبة النهضة المصرية،
تاريخ النشر أو التوزيع [2004]
264 #4 - النشر، التوزيع
تاريخ النشر أو التوزيع تاريخ حق النشر 2004
300 ## - الوصف المادى
التعداد 217 صفحة :
تفاصيل ماديه اخرى للوعاء إيضاحيات ؛
أبعاد الوعاء 25 سم
336 ## - نوع المحتوى
source rdacontent
Carrier Type Term text
Content Type Code txt
337 ## - نوع الوسيط
Media Type Term unmediated
source rdamedia
Media Type Code n
338 ## - نوع الحامل أو الناقل
Carrier Type Term volume
Carrier Type Code nc
source rdacarrier
504 ## - تبصرة ببليوجرافية
تبصرة ببليوجرافية,الخ يشتمل على إرجاعات ببليوجرافية.
650 #7 - المدخل الاضافى بالموضوع-مصطلح موضوعى
9 (RLIN) 17443
مصطلح موضوعي أو اسم جغرافي كعنصر مدخل الفيزيائيون
التقسيم الفرعي الشكلي تراجم.
مصدر الرأس أو المصطلح BUEsh
655 ## - مصطلح تكشيفى-نوع/شكل
التقسيم الفرعي الشكلي Reading book
942 ## - عناصر المدخل الإضافي( كوها)
مصدر التصنيف او مخطط الترفيف Dewey Decimal Classification
Koha [default] item type Book - Borrowing
Holdings
حالة التراجع حالة الفقد مصدر التصنيف او خطة الترفيف حالة تلف ليس للاعارة مجموعات كوها المكان الدائم المكان الحالي موقع الترفيف تاريخ الاكتساب Source of acquisition رقم الاستدعاء الباركود Date last seen مُعار التكلفة نوع الوعاء
    Dewey Decimal Classification       Central Library Central Library First floor 11/08/2008   530.92 ع م ا 000001127 15/07/2025 25/01/2023 530.92 Book - Borrowing